| 000 | 00409nam a2200157Ia 4500 | ||
|---|---|---|---|
| 008 | 230711s9999||||xx |||||||||||||| ||und|| | ||
| 041 | _aENG | ||
| 082 |
_a621 _bAL-S |
||
| 100 | _aAlam Singh | ||
| 245 | 0 | _aSoil engineering in theory and practice | |
| 250 | _a3rd | ||
| 260 |
_c1994 _aNew Delhi _bCBS Publishers & Distributors Pvt.Ltd |
||
| 650 | _aCivil Engineering | ||
| 700 | _aChoudhury,D.Roy | ||
| 942 | _cBK | ||
| 999 |
_c599 _d599 |
||